Building meaning : (Record no. 608622)

000 -LEADER
fixed length control field 02717cam a22004098i 4500
001 - CONTROL NUMBER
control field 22155600
003 - CONTROL NUMBER IDENTIFIER
control field NUST
005 - DATE AND TIME OF LATEST TRANSACTION
control field 20240307161640.0
006 - FIXED-LENGTH DATA ELEMENTS--ADDITIONAL MATERIAL CHARACTERISTICS
fixed length control field m |o d |
007 - PHYSICAL DESCRIPTION FIXED FIELD--GENERAL INFORMATION
fixed length control field cr_|||||||||||
008 - FIXED-LENGTH DATA ELEMENTS--GENERAL INFORMATION
fixed length control field 210715s2022 nyu ob 001 0 eng
010 ## - LIBRARY OF CONGRESS CONTROL NUMBER
LC control number 2021030619
020 ## - INTERNATIONAL STANDARD BOOK NUMBER
International Standard Book Number 9780367621575
038 ## - RECORD CONTENT LICENSOR
Staff Name Malang Jan
040 ## - CATALOGING SOURCE
Original cataloging agency DLC
Language of cataloging eng
Transcribing agency DLC
Description conventions rda
042 ## - AUTHENTICATION CODE
Authentication code pcc
050 00 - LIBRARY OF CONGRESS CALL NUMBER
Classification number NA2750
082 00 - DEWEY DECIMAL CLASSIFICATION NUMBER
Classification number 729
Edition number 23
Author Mark MET
100 1# - MAIN ENTRY--PERSONAL NAME
Personal name Metz, Tamara
Fuller form of name (Tamara B.),
Relator term author.
9 (RLIN) 122020
245 10 - TITLE STATEMENT
Title Building meaning :
Remainder of title an architecture studio primer on design, theory, and history /
Statement of responsibility, etc. Tamara Metz.
263 ## - PROJECTED PUBLICATION DATE
Projected publication date 2112
264 #1 - PRODUCTION, PUBLICATION, DISTRIBUTION, MANUFACTURE, AND COPYRIGHT NOTICE
Place of production, publication, distribution, manufacture New York, NY :
Name of producer, publisher, distributor, manufacturer Routledge,
Date of production, publication, distribution, manufacture, or copyright notice 2022.
300 ## - PHYSICAL DESCRIPTION
Extent 278p.:
Other physical details ill;2022
336 ## - CONTENT TYPE
Content type term text
Content type code txt
Source rdacontent
337 ## - MEDIA TYPE
Media type term computer
Media type code c
Source rdamedia
338 ## - CARRIER TYPE
Carrier type term online resource
Carrier type code cr
Source rdacarrier
362 ## - DATES OF PUBLICATION AND/OR SEQUENTIAL DESIGNATION
Dates of publication and/or sequential designation 2022.
504 ## - BIBLIOGRAPHY, ETC. NOTE
Bibliography, etc. note Includes bibliographical references and index.
505 0# - FORMATTED CONTENTS NOTE
Formatted contents note Context -- Inhabitation -- Building organization -- Form -- Nature -- Tectonics and materiality -- Representation -- Design methodologies.
520 ## - SUMMARY, ETC.
Summary, etc. "Building Meaning: An Architecture Studio Primer on Design, Theory, and History is an essential introduction to the complex relationship between form making, historical analysis, and conceptual explorations. This book focuses on the relationship and interdependence between design, theory, and history for an innovative and holistic studio approach. Rather than suggest a singular narrative, this book draws from a diverse range of thinkers and designers to highlight the many interpretations of key architectural concepts, and provides readers with the context essential for developing their own approaches to any design problem. Building Meaning is organized to reflect the typical studio process, with stand-alone chapters that provide flexibility for use at any stage of design. The ideal book for beginning and intermediate architecture students, it gives specific methods to apply in the studio to make the most of the design process, as well as focused exercises to creatively explore each concept presented. Illustrated with over 200 color images, it enables readers to engage and understand critically the genesis of architectural ideas and their role in our social and cultural experience"--
Assigning source Provided by publisher.
588 ## - SOURCE OF DESCRIPTION NOTE
Source of description note Description based on print version record and CIP data provided by publisher; resource not viewed.
650 #0 - SUBJECT ADDED ENTRY--TOPICAL TERM
Topical term or geographic name entry element Architectural design.
9 (RLIN) 31720
776 08 - ADDITIONAL PHYSICAL FORM ENTRY
Relationship information Print version:
Main entry heading Metz, Tamara
Title Building meaning
Place, publisher, and date of publication New York, NY : Routledge, 2022
International Standard Book Number 9780367621568
Record control number (DLC) 2021030618
906 ## - LOCAL DATA ELEMENT F, LDF (RLIN)
a 7
b cbc
c orignew
d 1
e ecip
f 20
g y-gencatlg
942 ## - ADDED ENTRY ELEMENTS (KOHA)
Source of classification or shelving scheme
Koha item type Book
Holdings
Withdrawn status Lost status Source of classification or shelving scheme Damaged status Not for loan Permanent Location Current Location Date acquired Source of acquisition Total Checkouts Full call number Barcode Date last seen Cost, replacement price Price effective from Koha item type
          School of Art Design and Architecture (SADA) School of Art Design and Architecture (SADA) 11/15/2022 Pak Book   729 MET 2022 SADA0002980 03/07/2024 5537.00 03/07/2024 Book
© 2023 Central Library, National University of Sciences and Technology. All Rights Reserved.